[Event "II Weekend A"]
[Site "Porto Sant'Elpidio ITA"]
[Date "1999.10.24"]
[Round "5"]
[White "Rinaudo, Sergio"]
[Black "Fioravanti, Emidio"]
[Result "1/2-1/2"]
[WhiteElo "1663"]
[BlackElo "1717"]
[PlyCount "98"]
[EventDate "1999.10.16"]

1. d4 Nf6 2. Nf3 d5 3. e3 c6 4. Bd3 Bg4 5. h3 Bh5 6. Nbd2 Nbd7 7. c4 e6 8. Qc2
Rc8 9. b3 Bb4 10. O-O Bg6 11. Bxg6 hxg6 12. e4 dxe4 13. Nxe4 Nxe4 14. Qxe4 Nf6
15. Qc2 Qd6 16. Bb2 Qf4 17. Bc1 Qf5 18. Qxf5 gxf5 19. Bf4 Ne4 20. a3 Be7 21.
Ne5 Rd8 22. Be3 g5 23. f3 Ng3 24. Rfe1 f4 25. Bf2 Nf5 26. Re4 Kf8 27. b4 Kg7
28. Rc1 Rc8 29. Ng4 a6 30. Kf1 Rhd8 31. Ke1 Nd6 32. Re2 b5 33. c5 Nc4 34. Rc3
Rd5 35. a4 Rb8 36. Ra2 f5 37. axb5 axb5 38. Nh2 Bf6 39. Ra6 Rc8 40. Rd3 Kg6 41.
Ke2 e5 42. dxe5 Rxe5+ 43. Kf1 Re6 44. g3 fxg3 45. Bxg3 Be5 46. Bxe5 Rxe5 47.
Kf2 Re6 48. Nf1 Rce8 49. Ng3 R8e7 1/2-1/2

[Event "II Weekend A"]
[Site "Porto Sant'Elpidio ITA"]
[Date "1999.10.24"]
[Round "6"]
[White "Baleani, Emanuele"]
[Black "Fioravanti, Diego"]
[Result "1-0"]
[WhiteElo "1491"]
[BlackElo "1717"]
[PlyCount "35"]
[EventDate "1999.10.16"]

1. e4 e5 2. Nf3 f5 3. Nxe5 Nc6 4. Qh5+ g6 5. Nxg6 Nf6 6. Qh4 hxg6 7. Qxh8 Qe7
8. Be2 Nd4 9. Na3 Qxe4 10. O-O Nxe2+ 11. Kh1 Nf4 12. f3 Qe2 13. Rg1 Kf7 14. d4
N4h5 15. Bh6 Bd6 16. Rae1 Qf2 17. Nc4 Bxh2 18. Qf8# 1-0

[Event "II Weekend A"]
[Site "Porto Sant'Elpidio ITA"]
[Date "1999.10.24"]
[Round "6"]
[White "Fioravanti, Emidio"]
[Black "Panichelli, Benedetto"]
[Result "1/2-1/2"]
[WhiteElo "1717"]
[BlackElo "1710"]
[PlyCount "90"]
[EventDate "1999.10.16"]

1. e4 c5 2. Nf3 a6 3. d4 cxd4 4. Nxd4 Nf6 5. Nc3 e5 6. Nf3 Bb4 7. Bd2 d6 8. Bd3
O-O 9. O-O Nbd7 10. a3 Bxc3 11. Bxc3 Nc5 12. Re1 Na4 13. Qd2 Qc7 14. Ba5 b6 15.
Qb4 Bd7 16. Bxb6 Qxb6 17. Qxb6 Nxb6 18. b3 Rfe8 19. c4 a5 20. Rad1 Bg4 21. h3
Bxf3 22. gxf3 Nh5 23. Bc2 Re6 24. Bd3 Rg6+ 25. Kh2 Nf4 26. Bf1 Nd7 27. b4 axb4
28. axb4 Nf8 29. c5 dxc5 30. bxc5 Rc6 31. Ra1 Rxa1 32. Rxa1 Rxc5 33. Ra8 g6 34.
Re8 Kg7 35. Ba6 N8e6 36. h4 Nc7 37. Re7 Nxa6 38. Kg3 h5 39. Ra7 Nb4 40. Rb7
Nbd3 41. Rd7 Rc2 42. Re7 Rxf2 43. Rxf7+ Kh8 44. Rh7+ Kg8 45. Rg7+ Kf8 1/2-1/2

[Event "II Weekend A"]
[Site "Porto Sant'Elpidio ITA"]
[Date "1999.10.24"]
[Round "6"]
[White "Gasparroni, Riccardo"]
[Black "Marinucci, Johnny"]
[Result "1-0"]
[WhiteElo "1431"]
[BlackElo "1500"]
[PlyCount "117"]
[EventDate "1999.10.16"]

1. Nf3 c6 2. d4 d5 3. Bf4 Bf5 4. e3 Nf6 5. Nc3 h6 6. Bd3 Ne4 7. Bxe4 dxe4 8.
Nd2 e6 9. Ndxe4 Nd7 10. Bd6 Be7 11. Bxe7 Qxe7 12. a3 O-O 13. Ng3 Bh7 14. O-O
Nf6 15. Rc1 Rad8 16. Qe2 Qc7 17. Nh5 Nd7 18. Qg4 Bg6 19. f4 Bxh5 20. Qxh5 Nf6
21. Qh3 Qb6 22. Rb1 c5 23. dxc5 Qxc5 24. Rf2 Rd7 25. Qg3 Rfd8 26. Re2 a5 27.
Qf2 b5 28. e4 Qc6 29. e5 Nd5 30. Nxd5 Rxd5 31. Rf1 Rd4 32. g3 b4 33. axb4 Rxb4
34. b3 a4 35. bxa4 Rxa4 36. f5 exf5 37. Qxf5 Rf8 38. e6 Ra7 39. Rd1 fxe6 40.
Qxe6+ Qxe6 41. Rxe6 Rc7 42. Rc1 Rd8 43. Re2 Rdc8 44. Kf1 Kf7 45. Ke1 Rd8 46.
Rd1 Rcd7 47. Rdd2 g5 48. Rxd7+ Rxd7 49. c4 Rc7 50. Re4 Kf6 51. g4 Rc5 52. Kd2
Ra5 53. Re2 Ra3 54. c5 Ra8 55. Kc3 Ra4 56. c6 Ra7 57. Kb4 Re7 58. Rxe7 Kxe7 59.
Kc5 1-0

[Event "II Weekend A"]
[Site "Porto Sant'Elpidio ITA"]
[Date "1999.10.24"]
[Round "6"]
[White "Giobbi, Costantino"]
[Black "Mircoli, Filippo"]
[Result "1-0"]
[WhiteElo "1761"]
[BlackElo "1564"]
[PlyCount "65"]
[EventDate "1999.10.16"]

1. d4 Nf6 2. Bg5 e6 3. Nd2 d5 4. e3 c5 5. c3 h6 6. Bh4 Bd6 7. Ngf3 Nbd7 8. Bd3
b6 9. Qa4 O-O 10. Qc6 Qc7 11. Qxa8 Nb8 12. Bg3 Bxg3 13. hxg3 Ba6 14. Qxb8 Qxb8
15. Bxa6 cxd4 16. Nxd4 b5 17. Nc6 Qb6 18. Nb4 Nd7 19. a4 Nc5 20. axb5 Rd8 21.
O-O e5 22. Nf3 Re8 23. Nxd5 Qd6 24. Nb4 Qe6 25. Nc6 Nxa6 26. Rxa6 Qb3 27. Nxa7
Qxb2 28. c4 Qc2 29. Rc6 Qf5 30. Rd1 Qc2 31. Rf1 Qf5 32. b6 Ra8 33. b7 1-0

[Event "II Weekend A"]
[Site "Porto Sant'Elpidio ITA"]
[Date "1999.10.24"]
[Round "6"]
[White "Iaconi, Andrea"]
[Black "Rinaudo, Claudio"]
[Result "1-0"]
[WhiteElo "1542"]
[BlackElo "1552"]
[PlyCount "49"]
[EventDate "1999.10.16"]

1. d4 d5 2. c4 e6 3. Nc3 Nf6 4. Bg5 Be7 5. Nf3 O-O 6. e3 h6 7. Bh4 Ne4 8. Bxe7
Qxe7 9. cxd5 Nxc3 10. bxc3 exd5 11. Bd3 Nd7 12. O-O b6 13. c4 dxc4 14. Bxc4 Bb7
15. Re1 c5 16. d5 Nf6 17. e4 Rad8 18. Qd3 Rfe8 19. Rad1 Rf8 20. d6 Qd7 21. Ne5
Qc8 22. f3 Nd7 23. Ng6 Rfe8 24. Ne7+ Rxe7 25. dxe7 1-0

[Event "II Weekend A"]
[Site "Porto Sant'Elpidio ITA"]
[Date "1999.10.24"]
[Round "6"]
[White "Luciani, Valerio"]
[Black "Rinaudo, Andrea"]
[Result "1/2-1/2"]
[WhiteElo "2229"]
[BlackElo "1789"]
[PlyCount "43"]
[EventDate "1999.10.16"]

1. c4 Nf6 2. Nc3 e6 3. e4 Bb4 4. e5 Bxc3 5. bxc3 Ng8 6. d4 Nc6 7. Qg4 g6 8. Bg5
f6 9. Bh4 d6 10. f4 Qe7 11. Bd3 dxe5 12. fxe5 Qg7 13. exf6 Nxf6 14. Qg5 O-O 15.
Nf3 Bd7 16. O-O Rae8 17. Bg3 Bc8 18. Ne5 Nh5 19. Rxf8+ Rxf8 20. Nxc6 bxc6 21.
Be5 Qd7 22. c5 1/2-1/2

[Event "II Weekend A"]
[Site "Porto Sant'Elpidio ITA"]
[Date "1999.10.24"]
[Round "6"]
[White "Rinaudo, Sergio"]
[Black "Negri, Jacopo"]
[Result "1-0"]
[WhiteElo "1663"]
[BlackElo "1651"]
[PlyCount "91"]
[EventDate "1999.10.16"]

1. d4 e6 2. e4 d5 3. exd5 exd5 4. Bd3 Nf6 5. Nf3 Bg4 6. Be3 Bd6 7. Nbd2 O-O 8.
O-O Nbd7 9. c3 c5 10. Qc2 Qc7 11. dxc5 Nxc5 12. Bf5 Nce4 13. Nxe4 dxe4 14. Bxg4
exf3 15. Bxf3 Bxh2+ 16. Kh1 Bf4 17. Bd4 Be5 18. Qf5 Bxd4 19. cxd4 Rad8 20. Rad1
Qb6 21. b3 Rd6 22. Qc5 Rfd8 23. Qxb6 Rxb6 24. Rfe1 Kf8 25. Re5 g6 26. Ra5 a6
27. Rc5 Rb4 28. Rc4 Rb5 29. Rc7 Rd7 30. Rxd7 Nxd7 31. Rc1 Nf6 32. Rc7 b6 33.
Rc6 Ke7 34. Kg1 Nd7 35. Kf1 a5 36. Ke2 a4 37. Rc3 h5 38. Bc6 Rb4 39. Rc4 Rxc4
40. bxc4 a3 41. Kd3 Kd6 42. Bf3 Nf6 43. Kc3 Ng4 44. Bxg4 hxg4 45. Kb4 f5 46. g3
1-0

[Event "II Weekend A"]
[Site "Porto Sant'Elpidio ITA"]
[Date "1999.10.24"]
[Round "6"]
[White "Rotoni, Matteo"]
[Black "Miandro, Roberto"]
[Result "0-1"]
[WhiteElo "1732"]
[BlackElo "1810"]
[PlyCount "98"]
[EventDate "1999.10.16"]

1. e4 c5 2. d4 cxd4 3. c3 Nf6 4. e5 Nd5 5. Nf3 Nc6 6. cxd4 d6 7. Bc4 e6 8. O-O
Nb6 9. Bb5 Bd7 10. Nc3 a6 11. Bd3 Be7 12. Qe2 Nb4 13. Bb1 N4d5 14. Rd1 Nxc3 15.
bxc3 d5 16. Nd2 Rc8 17. Bb2 Na4 18. Nb3 Nxc3 19. Bxc3 Rxc3 20. Qg4 g6 21. Nd2
Ba3 22. Nf3 Bb2 23. Bxg6 hxg6 24. Rab1 Ba3 25. Rxb7 Rc1 26. Rxc1 Bxc1 27. h4
Bb5 28. g3 Qc8 29. Rb6 Bd7 30. Nh2 Ba3 31. Qf3 Be7 32. Ng4 Bb5 33. Rd6 Bxd6 34.
exd6 Qd8 35. Ne5 O-O 36. h5 Qg5 37. Qc3 Qxh5 38. d7 Qh3 39. Qc5 Qf1+ 40. Kh2
Qxf2+ 41. Kh1 Bf1 42. Qxf8+ Kxf8 43. Nxg6+ fxg6 44. d8=Q+ Kg7 45. Qc7+ Kh6 46.
Qc1+ Kh5 47. g4+ Kxg4 48. Qd1+ Be2 49. Qc1 Bf3# 0-1

[Event "II Festival A"]
[Site "Pescara ITA"]
[Date "1999.10.17"]
[Round "4"]
[White "Manca, Federico"]
[Black "Quimi, Marco"]
[Result "1-0"]
[WhiteElo "2373"]
[BlackElo "2216"]
[PlyCount "73"]
[EventDate "1999.10.15"]

1. e4 c5 2. Nf3 d6 3. c3 Nf6 4. Be2 e6 5. O-O Be7 6. Re1 O-O 7. Bf1 Nbd7 8. d4
e5 9. a4 b6 10. dxe5 dxe5 11. Na3 Bb7 12. Nd2 a6 13. Qc2 Qc7 14. Bd3 Rfd8 15.
Nf1 Nf8 16. Ng3 g6 17. Bc4 Ne6 18. Bxe6 fxe6 19. Qb3 Bc8 20. Bg5 Rb8 21. Qc2 b5
22. axb5 axb5 23. c4 bxc4 24. Nxc4 Rb4 25. b3 Qb8 26. Ra3 Bb7 27. Bd2 Rb5 28.
Bc3 Bd6 29. Qb2 Bc7 30. Nxe5 Nxe4 31. Nxe4 Bxe4 32. Ng4 Bd5 33. Bh8 e5 34. Bxe5
Bxe5 35. Rxe5 Rxb3 36. Re8+ Kf7 37. Rxb3 1-0

[Event "II Festival A"]
[Site "Pescara ITA"]
[Date "1999.10.17"]
[Round "4"]
[White "Naumkin, Igor"]
[Black "Ausmins, Elmar"]
[Result "1-0"]
[WhiteElo "2489"]
[BlackElo "2261"]
[PlyCount "91"]
[EventDate "1999.10.15"]

1. d4 Nf6 2. Nf3 g6 3. c4 Bg7 4. Nc3 O-O 5. e4 d6 6. Be2 Na6 7. O-O c5 8. d5
Nc7 9. h3 a6 10. a4 b6 11. Bf4 Bd7 12. e5 Nfe8 13. Re1 Rb8 14. Qd2 b5 15. axb5
axb5 16. b3 b4 17. Ne4 f5 18. Ng3 g5 19. Bxg5 dxe5 20. Nh5 Bh8 21. Bf1 e4 22.
Rad1 Rb6 23. Qf4 Rg6 24. Nh4 Be5 25. Nxg6 Bxf4 26. Nxe7+ Kf7 27. Nxf4 Qa8 28.
f3 Nd6 29. Bh4 Re8 30. Nc6 Bxc6 31. dxc6 Qxc6 32. Be2 Ra8 33. fxe4 Nxe4 34. Bf3
Ne6 35. Rd5 Nd4 36. Bxe4 fxe4 37. Rf1 Kg8 38. Nh5 h6 39. Rd7 Qg6 40. Nf6+ Kh8
41. Ng4 Nf5 42. Rxf5 e3 43. Rf6 Qg7 44. Rxg7 Kxg7 45. Nxe3 Ra3 46. Rf3 1-0

[Event "XI Festival A"]
[Site "Lucca ITA"]
[Date "1999.10.??"]
[Round "?"]
[White "Efimov, Igor"]
[Black "Jurkovic, Ante"]
[Result "0-1"]
[WhiteElo "2445"]
[BlackElo "2339"]
[PlyCount "100"]
[EventDate "1999.10.09"]

1. d4 e6 2. c4 c5 3. d5 exd5 4. cxd5 d6 5. Nc3 Be7 6. e4 Bf6 7. Bd3 Bxc3+ 8.
bxc3 Nf6 9. Ne2 O-O 10. O-O Re8 11. Ng3 Nbd7 12. c4 Ne5 13. f4 Nxd3 14. Qxd3
Nxe4 15. f5 Nxg3 16. Qxg3 Qf6 17. Bg5 Qd4+ 18. Kh1 Bxf5 19. Qxd6 Re2 20. Rae1
Qxc4 21. Rxe2 Qxe2 22. Qf4 Bg6 23. d6 f6 24. Bh4 Be4 25. Rg1 Bc6 26. Bf2 b6 27.
a4 Re8 28. h3 Qe5 29. Qc4+ Bd5 30. Qb5 Rd8 31. a5 Qf5 32. Bg3 Qxh3+ 33. Bh2 Qd7
34. Qd3 Qc6 35. Qd2 c4 36. axb6 axb6 37. Rd1 Be4 38. Bf4 c3 39. Qa2+ Kf8 40.
Re1 Re8 41. Kh2 g5 42. Bg3 c2 43. Qb2 Re6 44. Qb3 Bd5 45. Qb2 Kf7 46. Rc1 Re2
47. Rg1 Bxg2 48. Qd4 c1=Q 49. d7 Bd5+ 50. Bf2 Qxg1+ 0-1

[Event "XI Festival A"]
[Site "Lucca ITA"]
[Date "1999.10.??"]
[Round "?"]
[White "Efimov, Igor"]
[Black "Mola, Pietro"]
[Result "1/2-1/2"]
[WhiteElo "2445"]
[BlackElo "2203"]
[PlyCount "81"]
[EventDate "1999.10.09"]

1. Nf3 Nf6 2. c4 e6 3. d4 b6 4. a3 Ba6 5. Nbd2 d5 6. e3 Be7 7. b4 O-O 8. Bb2 c5
9. dxc5 bxc5 10. b5 Bb7 11. Bd3 Nbd7 12. O-O a6 13. a4 axb5 14. axb5 Rxa1 15.
Qxa1 Qa8 16. Ne5 Nxe5 17. Bxe5 Qxa1 18. Rxa1 Ra8 19. Rxa8+ Bxa8 20. Nb3 dxc4
21. Bxc4 Nd5 22. Be2 f6 23. Bb2 Nb6 24. f3 Bd5 25. Na5 Na4 26. Ba1 Bd8 27. Nc4
Nb6 28. Nd2 e5 29. Kf2 Kf7 30. h4 Ke6 31. h5 Ba2 32. Ne4 Be7 33. f4 Bd5 34. Nc3
Bc4 35. fxe5 fxe5 36. Bg4+ Kf7 37. Bb2 g6 38. e4 Bg5 39. hxg6+ hxg6 40. Be2 Ke6
41. Ba3 1/2-1/2

[Event "XI Festival A"]
[Site "Lucca ITA"]
[Date "1999.10.??"]
[Round "?"]
[White "Mola, Pietro"]
[Black "Donatini, Andrea"]
[Result "1-0"]
[WhiteElo "2203"]
[BlackElo "1842"]
[PlyCount "125"]
[EventDate "1999.10.09"]

1. d4 Nf6 2. Bg5 d5 3. Bxf6 exf6 4. e3 Be6 5. Nd2 c6 6. c4 f5 7. Ngf3 Nd7 8.
cxd5 Bxd5 9. Bd3 g6 10. O-O Bg7 11. Bc4 Nb6 12. Bxd5 Nxd5 13. Qb3 Qb6 14. Qa3
Qb4 15. Qxb4 Nxb4 16. Nc4 O-O 17. a3 Nd5 18. Rac1 Rfd8 19. g3 Nf6 20. Rfd1 Ne4
21. b4 Rd5 22. Ne1 Rad8 23. Nd3 R5d7 24. Nc5 Re7 25. Na5 Nd6 26. Ncxb7 Rxb7 27.
Nxb7 Nxb7 28. Rxc6 Rd7 29. Rdc1 Kf8 30. Rc8+ Ke7 31. Ra8 Nd6 32. Rc6 Rb7 33.
Ra6 Kd7 34. R6xa7 Kc7 35. Ra5 Bf6 36. Kf1 Be7 37. Rc5+ Kd7 38. Rc2 Ne4 39. Ke2
h5 40. Kd3 h4 41. f3 Nd6 42. Rb2 hxg3 43. hxg3 Nb5 44. Rb3 Nc7 45. Rh8 Bd6 46.
g4 fxg4 47. fxg4 Ra7 48. Rh1 Nb5 49. Ra1 Ra4 50. Kc4 Kc6 51. Kd3 f6 52. e4 g5
53. Ra2 Kb6 54. Kc4 Kc6 55. Kd3 Kb6 56. Rf2 Bf4 57. Ra2 Bc1 58. e5 fxe5 59.
dxe5 Rxa3 60. Raxa3 Bxa3 61. Kc4 Bc1 62. Rh3 Bf4 63. Rh6+ 1-0

[Event "XI Festival A"]
[Site "Lucca ITA"]
[Date "1999.10.??"]
[Round "?"]
[White "Nelli, Luca"]
[Black "Riccio, Eros"]
[Result "0-1"]
[WhiteElo "1882"]
[BlackElo "2096"]
[PlyCount "40"]
[EventDate "1999.10.09"]

1. c4 e6 2. Nf3 d5 3. b3 c5 4. Bb2 Nc6 5. cxd5 exd5 6. d4 Nf6 7. dxc5 Bxc5 8.
e3 O-O 9. Be2 Bb4+ 10. Nbd2 Ne4 11. O-O Nc3 12. Bxc3 Bxc3 13. Rc1 Bb2 14. Rc2
Qf6 15. Nb1 Bf5 16. Rd2 Be4 17. Nd4 Bxd4 18. exd4 Qg5 19. f3 Bxb1 20. f4 Qe7
0-1

[Event "XI Festival A"]
[Site "Lucca ITA"]
[Date "1999.10.??"]
[Round "?"]
[White "Riccio, Eros"]
[Black "Jurkovic, Ante"]
[Result "1-0"]
[WhiteElo "2096"]
[BlackElo "2339"]
[PlyCount "155"]
[EventDate "1999.10.09"]

1. e4 e6 2. d4 d5 3. exd5 exd5 4. Nf3 Nc6 5. c3 Bd6 6. Bd3 Nge7 7. O-O Bg4 8.
Re1 Qd7 9. Nbd2 O-O-O 10. b4 Ng6 11. Nf1 Nh4 12. Be2 Bxf3 13. Bxf3 Ne7 14. Bg5
Nxf3+ 15. Qxf3 f6 16. Bf4 Bxf4 17. Qxf4 Ng6 18. Qd2 Rhe8 19. Ng3 Nh4 20. Qf4
Ng6 21. Qf5 Nf8 22. Kf1 c6 23. f3 Qxf5 24. Nxf5 Ne6 25. g3 Kd7 26. Kf2 g6 27.
Ne3 Nc7 28. a4 Re6 29. Re2 Ne8 30. Nd1 Rxe2+ 31. Kxe2 Nd6 32. Nb2 Re8+ 33. Kf2
b6 34. a5 Nb5 35. axb6 axb6 36. Nd1 Kd6 37. Ra2 h5 38. h3 Kd7 39. Ra6 Kc7 40.
Ra2 Rh8 41. Kg2 h4 42. gxh4 Rxh4 43. Ra8 g5 44. Rf8 Rf4 45. Rf7+ Kc8 46. Rf8+
Kb7 47. Kg3 Nd6 48. Ne3 Nf5+ 49. Nxf5 Rxf5 50. h4 gxh4+ 51. Kg4 Rg5+ 52. Kxh4
Rg1 53. Rf7+ Ka6 54. Rxf6 Kb5 55. Re6 Rc1 56. Re3 Kc4 57. f4 Rf1 58. Kg5 Rg1+
59. Kf6 c5 60. dxc5 bxc5 61. bxc5 Kxc5 62. Re8 Rg3 63. Rc8+ Kd6 64. Rd8+ Kc5
65. Rc8+ Kd6 66. c4 d4 67. Kf5 d3 68. Ke4 Kd7 69. Rc5 Ke6 70. Rd5 Rg1 71. Kxd3
Rd1+ 72. Ke4 Re1+ 73. Kd4 Rd1+ 74. Kc5 Rf1 75. f5+ Kf6 76. Kd6 Re1 77. c5 Rc1
78. c6 1-0

[Event "XX Festival Magistrale"]
[Site "Asti ITA"]
[Date "1999.10.??"]
[Round "?"]
[White "Malano, Francesco"]
[Black "Caoili, Arianne"]
[Result "1-0"]
[WhiteElo "2024"]
[BlackElo "2041"]
[PlyCount "127"]
[EventDate "1999.10.02"]

1. d4 d5 2. c4 c6 3. Nf3 Nf6 4. Nc3 e6 5. e3 Nbd7 6. Be2 dxc4 7. Bxc4 b5 8. Bb3
Bb7 9. O-O a6 10. a3 c5 11. d5 exd5 12. Nxd5 c4 13. Nxf6+ Nxf6 14. Bc2 Qxd1 15.
Rxd1 Be7 16. Bd2 Ne4 17. Bxe4 Bxe4 18. Bc3 f6 19. Nd4 g6 20. f3 Bb7 21. Nc2 a5
22. Rd2 Kf7 23. Rad1 Rhb8 24. e4 Bc6 25. Ne3 Rc8 26. Nc2 Bf8 27. Kf2 Rcb8 28.
Ne3 Rc8 29. Nc2 Be7 30. Ke2 Rd8 31. Rxd8 Bxd8 32. Rd6 Be8 33. Ne3 Be7 34. Rb6
Bd8 35. Rb7+ Kg8 36. Nd5 Bc6 37. Ne7+ Bxe7 38. Rxe7 Rf8 39. Bxa5 Rf7 40. Re6
Bd7 41. Rd6 f5 42. e5 Re7 43. f4 Be8 44. Bb4 Rd7 45. Re6 Rd8 46. Bd6 Bf7 47.
Re7 Be8 48. Ke3 Bc6 49. g3 Rd7 50. Re8+ Kf7 51. Rc8 Be4 52. Kd4 Rb7 53. Kc5 Ke6
54. Re8+ Kf7 55. Rf8+ Kg7 56. e6 Rc7+ 57. Bxc7 Kxf8 58. Bd6+ Ke8 59. Kxb5 Bd5
60. e7 Kd7 61. Kc5 Bf7 62. a4 Kc8 63. Kb6 Kd7 64. Bb4 1-0

[Event "XIX Corsicoscacchi Magistrale"]
[Site "Corsico ITA"]
[Date "1999.10.02"]
[Round "1"]
[White "Barberi, Alessandro"]
[Black "Radice, Luca"]
[Result "1-0"]
[WhiteElo "2180"]
[BlackElo "2017"]
[PlyCount "73"]
[EventDate "1999.10.02"]

1.d4 Nf6 2.c4 g6 3.Nc3 Bg7 4.e4 d6 5.g3 O-O 6.Bg2 Nbd7 7.Nge2 e5 8.O-O c6 
9.h3 Qc7 10.Be3 exd4 11.Nxd4 Re8 12.Qc2 Nc5 13.Rad1 Bd7 14.Rfe1 a5 15.b3 
Rad8 16.g4 Bc8 17.Bf4 Nfd7 18.Bg3 Nf8 19.f4 Nfe6 20.Nf3 Qb6 21.Kh1 Na6 22.
Na4 Qa7 23.Bf2 c5 24.Qd2 Nb4 25.f5 Nd4 26.Nxd4 cxd4 27.Bh4 Be5 28.Bxd8 
Rxd8 29.a3 Nc6 30.Nb2 f6 31.fxg6 hxg6 32.Qh6 Ne7 33.Nd3 Bg3 34.Rf1 Qb6 35.
Rxf6 Qxb3 36.Rdf1 Bf5 37.exf5 1-0

[Event "XIX Corsicoscacchi Magistrale"]
[Site "Corsico ITA"]
[Date "1999.10.02"]
[Round "1"]
[White "Bonanno, Alessandro"]
[Black "Ubezio, Marco"]
[Result "0-1"]
[WhiteElo "2041"]
[BlackElo "2196"]
[PlyCount "48"]
[EventDate "1999.10.02"]

1.e4 Nf6 2.e5 Nd5 3.Nc3 Nxc3 4.bxc3 d5 5.f4 c5 6.Nf3 Bg4 7.Be2 e6 8.O-O 
Nc6 9.Rb1 Rb8 10.Qe1 Be7 11.Qg3 h5 12.c4 dxc4 13.h3 Nd4 14.Rf2 Nxf3+ 15.
gxf3 Bh4 16.Qg2 Bf5 17.Bxc4 Rh6 18.Bb5+ Kf8 19.Kf1 Rg6 20.Qh2 Bg3 21.Qh1 
Bxf2 22.Kxf2 Qd4+ 23.Kf1 Rd8 24.d3 Bxh3+ 0-1

[Event "XIX Corsicoscacchi Magistrale"]
[Site "Corsico ITA"]
[Date "1999.10.02"]
[Round "1"]
[White "Crippa, Gabriele"]
[Black "Lapiccirella, Daniele"]
[Result "1/2-1/2"]
[WhiteElo "2149"]
[BlackElo "1891"]
[PlyCount "160"]
[EventDate "1999.10.02"]

1.d4 d5 2.c4 c6 3.Nc3 Nf6 4.Nf3 e6 5.cxd5 cxd5 6.e3 Nc6 7.Bd3 Bd6 8.O-O 
O-O 9.Be2 a6 10.Bd2 b5 11.Rc1 Qb6 12.Qc2 Bd7 13.a3 Rfc8 14.Qb1 Na5 15.e4 
Nb3 16.e5 Nxc1 17.Bxc1 Ne4 18.exd6 Nxc3 19.bxc3 Rxc3 20.Bd2 Rxa3 21.Bb4 
Rxf3 22.Bxf3 Qxd4 23.Ba5 Qc5 24.Bb4 Qb6 25.Rc1 Rc8 26.Rxc8+ Bxc8 27.Qe1 a5
28.Bxa5 Qxd6 29.Bb4 Qc7 30.Bxd5 Bb7 31.Bxb7 Qxb7 32.Qd2 f6 33.Qd8+ Kf7 34.
Qf8+ Kg6 35.Qe8+ Kf5 36.Qh5+ g5 37.Bc3 b4 38.Qh3+ Kg6 39.Qd3+ Kg7 40.Bb2 
b3 41.h4 gxh4 42.Qd4 e5 43.Qxh4 Qd5 44.Qg4+ Kf7 45.Kh2 Qd2 46.Qc4+ Kg6 47.
Qxb3 Qxf2 48.Qg8+ Kf5 49.Qxh7+ Ke6 50.Qg8+ Kf5 51.Qc8+ Kg6 52.Qg4+ Kf7 53.
Ba3 Qe3 54.Qd7+ Kg6 55.Qe8+ Kg5 56.Qg8+ Kf4 57.Be7 Kf5 58.Qg3 Qe2 59.Qh4 
Qa6 60.Qh7+ Kg5 61.Qe4 Qe6 62.Bd8 Qd6 63.Ba5 f5 64.Qe3+ f4 65.Qe4 Qh6+ 66.
Kg1 Qd6 67.Bb4 Qb6+ 68.Kf1 Qa6+ 69.Kf2 Qa2+ 70.Kg1 Qa1+ 71.Kh2 Kf6 72.Kh3 
Qh1+ 73.Kg4 Qd1+ 74.Qf3 Qd7+ 75.Kh4 Qh7+ 76.Qh5 Qb1 77.Qh6+ Kf7 78.Qf8+ 
Ke6 79.Kg5 Qe4 80.Qe8+ Kd5 1/2-1/2

[Event "XIX Corsicoscacchi Magistrale"]
[Site "Corsico ITA"]
[Date "1999.10.02"]
[Round "1"]
[White "Galli, Fabio"]
[Black "Fadali, Mustafa"]
[Result "1-0"]
[WhiteElo "2158"]
[BlackElo "1930"]
[PlyCount "83"]
[EventDate "1999.10.02"]

1.e4 c5 2.Nf3 d6 3.d4 cxd4 4.Nxd4 Nf6 5.Nc3 a6 6.Be2 e6 7.Be3 b5 8.a3 Bb7 
9.f3 Nbd7 10.O-O Be7 11.Bd3 d5 12.exd5 Nxd5 13.Nxd5 Bxd5 14.a4 b4 15.Qe2 
Nc5 16.Bc4 O-O 17.Rfd1 Rc8 18.Nb3 Bxc4 19.Qxc4 Nxb3 20.Qxb3 Qc7 21.Rac1 
Bc5 22.c4 Qb6 23.Kf2 Rfd8 24.Bxc5 Qxc5+ 25.Qe3 Qe7 26.b3 h6 27.g3 Rd6 28.
Ke1 Rcd8 29.c5 Rxd1+ 30.Rxd1 Rxd1+ 31.Kxd1 Qd7+ 32.Ke2 Qd5 33.Qc1 Qe5+ 34.
Kf2 Qd4+ 35.Qe3 Qd5 36.Qc1 a5 37.c6 Qd8 38.c7 Qc8 39.Qc5 Kh7 40.Qd6 Qb7 
41.Qd7 Qb6+ 42.Ke2 1-0

[Event "XIX Corsicoscacchi Magistrale"]
[Site "Corsico ITA"]
[Date "1999.10.02"]
[Round "1"]
[White "Giordani, Marco"]
[Black "Barlocco, Carlo"]
[Result "0-1"]
[WhiteElo "2016"]
[BlackElo "2161"]
[PlyCount "88"]
[EventDate "1999.10.02"]

1.d4 Nf6 2.c4 e6 3.Nf3 Bb4+ 4.Nbd2 O-O 5.a3 Be7 6.e4 d5 7.e5 Ne4 8.Bd3 
Nxd2 9.Bxd2 dxc4 10.Bxc4 Nd7 11.Qe2 Nb6 12.Bd3 Nd5 13.h4 f6 14.Bxh7+ Kxh7 
15.Ng5+ Kg8 16.Qh5 fxg5 17.hxg5 Rf5 18.f4 Nxf4 19.Bxf4 Bxg5 20.Qh7+ Kf7 
21.Qh5+ g6 22.Qh7+ Ke8 23.Qxg6+ Kd7 24.d5 Bh4+ 25.g3 Qe8 26.Qxf5 exf5 27.
Rxh4 Qg8 28.O-O-O b6 29.e6+ Ke7 30.Rdh1 Bxe6 31.dxe6 Kxe6 32.Rh6+ Kd5 33.
Rd1+ Kc5 34.Bxc7 Rc8 35.Bf4 Qa2 36.Be5 Kb5+ 37.Bc3 Qg8 38.Rh5 Qg4 39.Rd5+ 
Rc5 40.a4+ Kc6 41.Rxc5+ Kxc5 42.b4+ Kd5 43.Rh7 Qxg3 44.Kc2 Kc4 0-1

[Event "XIX Corsicoscacchi Magistrale"]
[Site "Corsico ITA"]
[Date "1999.10.02"]
[Round "1"]
[White "Giretti Kanev, Jasen"]
[Black "Pulito, Alberto"]
[Result "1-0"]
[WhiteElo "2152"]
[BlackElo "2097"]
[PlyCount "51"]
[EventDate "1999.10.02"]

1.Nf3 d5 2.d4 c6 3.Bf4 Nf6 4.Nbd2 e6 5.e3 Nbd7 6.Bd3 c5 7.c3 b6 8.e4 Bb7 
9.e5 Ne4 10.Bxe4 dxe4 11.Ng5 cxd4 12.cxd4 e3 13.fxe3 Bxg2 14.Rg1 Bd5 15.e4
Bc6 16.Nxe6 Qh4+ 17.Bg3 Qh6 18.Nc7+ Kd8 19.Nxa8 Qe3+ 20.Kf1 Bb5+ 21.Kg2 
Bb4 22.Re1 Qd3 23.Nf3 Bxe1 24.Qxd3 Bxd3 25.Rxe1 Nf8 26.d5 1-0

[Event "XIX Corsicoscacchi Magistrale"]
[Site "Corsico ITA"]
[Date "1999.10.02"]
[Round "1"]
[White "Leoni, Fabrizio"]
[Black "Cazzaniga, Walter"]
[Result "1/2-1/2"]
[WhiteElo "1905"]
[BlackElo "2153"]
[PlyCount "109"]
[EventDate "1999.10.02"]

1.d4 Nf6 2.c4 g6 3.Nc3 Bg7 4.e4 O-O 5.e5 Ne8 6.f4 d6 7.Be3 c5 8.dxc5 Nc6 
9.cxd6 exd6 10.Nf3 Bg4 11.Be2 b6 12.O-O dxe5 13.fxe5 Nxe5 14.Nxe5 Bxe2 15.
Qxe2 Bxe5 16.Rad1 Qh4 17.g3 Qh3 18.Ne4 Qe6 19.Ng5 Qe7 20.Qf3 Nc7 21.Qe4 f5
22.Qc6 Rad8 23.Rde1 Qd6 24.Qxd6 Bxd6 25.Bc1 Rfe8 26.Rxe8+ Rxe8 27.Kf2 Bc5+
28.Kf3 h6 29.Nh3 g5 30.Ng1 Ne6 31.Ne2 Kg7 32.Rd1 Re7 33.b3 Kf7 34.Bb2 g4+ 
35.Kg2 Ng5 36.Nf4 Nf3 37.Bc3 a5 38.Rd5 Re3 39.Rd3 Rxd3 40.Nxd3 Be3 41.Ne5+
Nxe5 42.Bxe5 Ke6 43.Bc3 Kd6 44.a4 Kc5 45.Kf1 h5 46.Kg2 Bd4 47.Bd2 Kd6 48.
h3 Ke5 49.hxg4 hxg4 50.b4 axb4 51.Bxb4 Ke4 52.a5 bxa5 53.Bxa5 Kd3 54.Bc7 
Kxc4 55.Bf4 1/2-1/2

[Event "XIX Corsicoscacchi Magistrale"]
[Site "Corsico ITA"]
[Date "1999.10.02"]
[Round "1"]
[White "Murgia, Andrea"]
[Black "Everet, Alexandro"]
[Result "0-1"]
[WhiteElo "2125"]
[BlackElo "2294"]
[PlyCount "73"]
[EventDate "1999.10.02"]

1.e4 g6 2.d4 Bg7 3.c3 d6 4.Bc4 Nf6 5.Qe2 O-O 6.Nf3 c6 7.Bb3 b6 8.Bc2 Ba6 
9.Bd3 Bxd3 10.Qxd3 h6 11.O-O Nbd7 12.Re1 Nh7 13.Nbd2 Qc7 14.Nf1 e5 15.Ng3 
Rae8 16.b3 Re6 17.Bb2 Qd8 18.Rad1 Ng5 19.Nxg5 Qxg5 20.Qa6 Re7 21.Qxa7 f5 
22.f3 f4 23.Bc1 h5 24.Kh1 h4 25.Ne2 h3 26.gxh3 exd4 27.Rg1 Qh4 28.Rg2 Nc5 
29.Qxb6 Nxe4 30.Rf1 dxc3 31.Qxc6 Qxh3 32.Qc4+ d5 33.Qxd5+ Kh7 34.Kg1 Re5 
35.Qd3 Bh6 36.Bxf4 Bxf4 37.fxe4 0-1

[Event "XIX Corsicoscacchi Magistrale"]
[Site "Corsico ITA"]
[Date "1999.10.02"]
[Round "1"]
[White "Natalucci, Fabrizio"]
[Black "Mascheroni, Maurizio"]
[Result "1/2-1/2"]
[WhiteElo "2196"]
[BlackElo "2067"]
[PlyCount "44"]
[EventDate "1999.10.02"]

1.d4 Nf6 2.Nf3 e6 3.g3 b6 4.Bg2 Bb7 5.O-O Be7 6.c4 O-O 7.d5 exd5 8.Nh4 d6 
9.Nc3 Nbd7 10.Nf5 Re8 11.cxd5 Ne5 12.f4 Ng6 13.Bf3 Bc8 14.Nd4 Bg4 15.e4 
Qd7 16.Nc6 a6 17.Be3 Bxf3 18.Qxf3 Ng4 19.Bd4 Bf6 20.Bxf6 Nxf6 21.Rad1 Qg4 
22.Qg2 h6 1/2-1/2